| 000 | 00357nam a2200157Ia 4500 | ||
|---|---|---|---|
| 003 | OSt | ||
| 008 | 191201s2013 xx 000 0 und d | ||
| 082 |
_a690 _bPUB |
||
| 100 | _aPUNMIA, BC | ||
| 245 | 0 | _aBuilding Construction | |
| 250 | _a10th | ||
| 260 |
_aN. Delhi _bLaxmi Publications _c2013 |
||
| 300 | _a666+6 | ||
| 650 | _aB.Tech(CE) | ||
| 942 |
_2ddc _cBK |
||
| 999 |
_c5828 _d5828 |
||